Rebelión en la granja /

Guardado en:
Autor Principal: Orwell, George.
Formato: Libro
Idioma:Spanish
Publicado: Buenos Aires : Maceda, [s. f.]
Materias:
Etiquetas: Agregar Etiqueta
Sin Etiquetas, Sea el primero en etiquetar este registro!
LEADER 00532nam a22001815a 4500
001 CEM.cems024967
008 251105s2---####ag############000#0#spa#d
005 20251105170717.0
245 1 0 |a Rebelión en la granja /  |c George Orwell. 
260 |a Buenos Aires :  |b Maceda,  |c [s. f.] 
300 |a 127 p. 
500 |a Edición íntegra. 
020 |a 9788461650811 
100 1 |a Orwell, George. 
653 |a Fábulas 
653 |a Literatura inglesa 
653 |a Literatura juvenil 
859 |a CEMS  |b BIB. CEMS - 11 de abril  |h 823.9  |i Or9-2  |p 29516.24  |t Ej.1